000 01058nam0a2200277 4500
001 RU\NLR\BIBL_A\011108736
005 20260406140558.0
010 _a5-7931-0196-9
_95000
035 _a(NLR Aleph) 011108736
090 _a11462718
_c11462718
100 _a20160427d2002 |||y0rusy50 ca
101 0 _arus
102 _aRU
105 _ay z 000yy
200 1 _aСекреты наследственности человека
_fС.Ю. Афонькин
210 _aСанкт-Петербург
_cУчитель и ученик
_cКОРОНА принт
_d2002
215 _a345, [5] с.
_d20
606 1 _aНаследственные болезни
_9974140
_3RU\NLR\AUTH\6646991
606 1 _aМедико-генетическая помощь
_91005734
_3RU\NLR\AUTH\6664380
686 1 _aР41,4
686 1 _aР11(2)284.19
700 1 _8rus
_7ca
_aАфонькин
_bС. Ю.
_f1957-
_gСергей Юрьевич
_3RU\NLR\AUTH\773077
_9113083
942 _cBOOK
980 _aNB